| 000 | 01240cam a2200349 i 4500 | ||
|---|---|---|---|
| 001 | 14511548 | ||
| 003 | EG-ScBUE | ||
| 005 | 20240605111647.0 | ||
| 008 | 060822s2006 enk f 000 0beng d | ||
| 020 | _a0340897031 | ||
| 020 | _a9780340897034 | ||
| 035 | _a(OCoLC)ocm71126873 | ||
| 035 | _a(OCoLC)71126873 | ||
| 040 |
_aDLC _beng _erda _cDLC _dBAKER _dBTCTA _dC#P _dYDXCP _dDLC _dEG-ScBUE |
||
| 043 | _aa-iq--- | ||
| 082 | 0 | 4 |
_a956.7043092 _222 _bTAT |
| 100 | 1 |
_aTatchell, Jo, _eauthor. _921868 |
|
| 245 | 1 | 0 |
_aNabeel's song / _cJo Tatchell. |
| 264 | 1 |
_aLondon : _bSceptre Book, _c2006. |
|
| 300 |
_a369 pages ; _c22 cm |
||
| 336 |
_2rdacontent _atext _btxt |
||
| 337 |
_aunmediated _2rdamedia _bn |
||
| 338 |
_avolume _bnc _2rdacarrier |
||
| 500 | _a"Originally published in Great Britain by Hodder & Stoughton ... in 2006"--T.p. verso. | ||
| 600 | 1 | 7 |
_aYasin, Nabil. _2BUEsh _921869 |
| 650 | 7 |
_aIntellectuals _zIraq _vBiography. _2BUEsh _921870 |
|
| 651 | 7 |
_aIraq _xHistory _y1958- _2BUEsh _921871 |
|
| 655 | _vReading book | ||
| 942 |
_2ddc _cBB |
||
| 999 |
_c14904 _d14904 |
||